000 00601nam a2200169 a 4500
008 080924s2006 ||||||||||||||||| || u
050 _aIBRD(08)PRWP
100 _aRigolini, Jemele
245 1 0 _aInformality trends and cycles
260 _aWashington, D.C.
_bWorld Bank
_c2006
300 _a37p.
350 _a0.00
490 _aWorld Bank policy research working papers
700 _aLoayza, Norman
710 _aWorld Bank
995 _D0.00
_FCBU-MAIN LIBRARY (Kitwe)
_H1
_I0.00
_M4078
_UAVAILABLE
_WSep 24, 2008
_ZInternational Publications
999 _c46848
_d46848